Online
Catalog

Revista artelia : (Record no. 60309)

MARC details
000 -CABECERA
campo de control de longitud fija 01732nas a2200337 i 4500
003 - IDENTIFICADOR DEL NÚMERO DE CONTROL
campo de control DO-SdBNP
005 - FECHA Y HORA DE LA ÚLTIMA TRANSACCIÓN
campo de control 20260212145524.0
007 - CAMPO FIJO DE DESCRIPCIÓN FÍSICA--INFORMACIÓN GENERAL
campo de control de longitud fija ta
008 - DATOS DE LONGITUD FIJA--INFORMACIÓN GENERAL
campo de control de longitud fija 260212e2019 dr |||p|r||||||0| | spa d
022 ## - NÚMERO INTERNACIONAL NORMALIZADO PARA PUBLICACIONES SERIADAS
Número Internacional Normalizado para Publicaciones Seriadas 2676-0541
040 ## - FUENTE DE LA CATALOGACIÓN
Centro catalogador/agencia de origen DO-SdBNP
Lengua de catalogación spa
Centro/agencia transcriptor BNPHU
Normas de descripción rda
041 ## - CÓDIGO DE LENGUA
Código de lengua del texto/banda sonora o título independiente spa
110 1# - ENTRADA PRINCIPAL--NOMBRE DE ENTIDAD CORPORATIVA
Nombre de entidad corporativa o nombre de jurisdicción como elemento de entrada Universidad Autónoma de Santo Domingo
9 (RLIN) 72951
Unidad subordinada Escuela de Crítica e Historia del Arte
-- Facultad de Artes
245 ## - MENCIÓN DE TÍTULO
Título Revista artelia :
Resto del título dentro del arte /
Mención de responsabilidad, etc. Universidad Autónoma de Santo Domingo ; auspiciado: Banco Popular Dominicano. editor: Fernando Cabrera, director: Danilo De los Santos.
246 ## - FORMA VARIANTE DE TÍTULO
Título propio/Titulo breve Artelia.
264 ## - PRODUCCIÓN, PUBLICACIÓN, DISTRIBUCIÓN, FABRICACIÓN Y COPYRIGHT
Producción, publicación, distribución, fabricación y copyright Santo Domingo, República Dominicana :
Nombre del de productor, editor, distribuidor, fabricante Universidad Autónoma de Santo Domingo.
-- Banco Popular Dominicano.
-- Amigo del Hogar,
Fecha de producción, publicación, distribución, fabricación o copyright 2019.
300 ## - DESCRIPCIÓN FÍSICA
Extensión volumen :
Otras características físicas ilustraciones, fotografías, pintura ;
Dimensiones 29 x 22 cm.
310 ## - PERIODICIDAD ACTUAL
Periodicidad actual Desconocida.
336 ## - TIPO DE CONTENIDO
Término de tipo de contenido texto
Código de tipo de contenido txt
Fuente rdacontent
337 ## - TIPO DE MEDIO
Nombre/término del tipo de medio sin mediación
Código del tipo de medio n
Fuente rdamedia
338 ## - TIPO DE SOPORTE
Nombre/término del tipo de soporte volumen
Código del tipo de soporte nc
Fuente rdacarrier
362 ## - FECHAS DE PUBLICACIÓN Y/O DESIGNACIÓN SECUENCIAL
Fecha de publicación y/o designación secuencial Año 1. No. 1, 2019.
500 ## - NOTA GENERAL
Nota general Catalogación basada en el número: Año 1. No. 1, 2019.
520 ## - SUMARIO, ETC.
Sumario, etc. Nos lavamos la cara, el cerebro a instancia de este proyecto; pero jamás la memoria, porque s imposible enjabonar la caverna residual que reposa en el cuerpo como pertenencia, y que Jung alguna vez llamó inconsciente colectivo.
650 #0 - PUNTO DE ACCESO ADICIONAL DE MATERIA--TÉRMINO DE MATERIA
Término de materia o nombre geográfico como elemento de entrada Artes
Subdivisión de forma Publicaciones periódicas
Subdivisión geográfica República Dominicana
9 (RLIN) 650
650 #0 - PUNTO DE ACCESO ADICIONAL DE MATERIA--TÉRMINO DE MATERIA
Término de materia o nombre geográfico como elemento de entrada Exposiciones
Subdivisión de forma Publicaciones periódicas
Subdivisión geográfica República Dominicana
9 (RLIN) 84599
700 1# - PUNTO DE ACCESO ADICIONAL--NOMBRE DE PERSONA
Nombre de persona Santos, Danilo de los,
Fechas asociadas al nombre 1943-2018
9 (RLIN) 10278
Término indicativo de función/relación director
700 ## - PUNTO DE ACCESO ADICIONAL--NOMBRE DE PERSONA
Nombre de persona Cabrera, Fernando,
Fechas asociadas al nombre 1964-
9 (RLIN) 24611
Término indicativo de función/relación editor
710 ## - PUNTO DE ACCESO ADICIONAL--NOMBRE DE ENTIDAD CORPORATIVA
Nombre de entidad corporativa o nombre de jurisdicción como elemento de entrada Banco Popular de la República Dominicana
9 (RLIN) 7760
Término indicativo de función/relación auspicio
942 ## - ELEMENTOS DE PUNTO DE ACCESO ADICIONAL (KOHA)
Fuente del sistema de clasificación o colocación Dewey Decimal Classification
Tipo de ítem Koha Publicación periódica
Holdings
Estado de retiro Estado de pérdida Fuente del sistema de clasificación o colocación Estado dañado Restricciones de uso No para préstamo Código de colección Localización permanente Ubicación/localización actual Fecha de adquisición Enumeración/cronología de publicación seriada Total de préstamos Código de barras Fecha visto por última vez Número de copia Precio válido a partir de Tipo de ítem Koha Nota pública
    Dewey Decimal Classification   Préstamo en sala   Hemeroteca Biblioteca Nacional Pedro Henríquez Ureña Biblioteca Nacional Pedro Henríquez Ureña 12.02.2026 Año 1. No. 1, 2019   2026-1077 12.02.2026 e.1 12.02.2026 Publicación periódica Artelia.
    Dewey Decimal Classification   Préstamo en sala   Hemeroteca Biblioteca Nacional Pedro Henríquez Ureña Biblioteca Nacional Pedro Henríquez Ureña 12.02.2026 Año 1. No. 1, 2019   2026-1078 12.02.2026 e.2 12.02.2026 Publicación periódica Artelia.
    Dewey Decimal Classification   Préstamo en sala   Hemeroteca Biblioteca Nacional Pedro Henríquez Ureña Biblioteca Nacional Pedro Henríquez Ureña 12.02.2026 Año 1. No. 1, 2019   2026-1079 12.02.2026 e.3 12.02.2026 Publicación periódica Artelia.

Powered by Koha